| 000 | 01644nam a2200229Ia 4500 | ||
|---|---|---|---|
| 008 | 260220t1974||||xx |||||||||||||| ||spa|| | ||
| 040 |
_aPY-SlUNAC _bspa _erda |
||
| 041 | _aspa | ||
| 082 |
_a770 _bZ112l |
||
| 245 | 0 | _aEl laboratorio | |
| 264 |
_aBarcelona : _bSalvat editores, _c℗1974. |
||
| 300 | _a1 volumen | ||
| 520 | _a"El laboratorio" de Salvat Editores, publicado en 1974, es una obra que aborda los fundamentos y las prácticas esenciales de la investigación científica en un entorno de laboratorio. A lo largo de sus capítulos, el libro detalla diversos experimentos y técnicas utilizadas en disciplinas como la química, la biología y la física, proporcionando una guía práctica para estudiantes y profesionales. Se enfatiza la importancia de la seguridad y la ética en la práctica científica, así como la necesidad de un enfoque metódico y riguroso en la obtención de resultados. Además, el texto incluye ilustraciones y diagramas que facilitan la comprensión de los procedimientos descritos. La obra busca fomentar un interés por la ciencia y la experimentación, mostrando cómo el trabajo en laboratorio puede llevar a descubrimientos significativos y a la innovación tecnológica. En conjunto, "El laboratorio" se presenta como un recurso valioso para aquellos que desean profundizar en el mundo de la investigación científica y su aplicación práctica. | ||
| 653 | _aCiencia | ||
| 653 | _aEducación | ||
| 653 | _aLaboratorio | ||
| 942 |
_b2026/02/17 _cBK |
||
| 999 |
_c8879 _d8879 |
||